Las podas de las especies ornamentales.
Na minha lista:
| Autor principal: | |
|---|---|
| Formato: | Desconhecido |
| Publicado em: |
Madrid, España:
Ediciones Mundi Prensa,
2019.
|
| Assuntos: | |
| Tags: |
Adicionar Tag
Sem tags, seja o primeiro a adicionar uma tag!
|
MARC
| LEADER | 00000 a2200000 4500 | ||
|---|---|---|---|
| 003 | CL-VaPUC | ||
| 005 | 20250314121407.0 | ||
| 008 | 250310t2019 ||||| |||| 00| 0 spa d | ||
| 999 | |c 445636 |d 445634 | ||
| 020 | |a 978-84-8476-760-2 | ||
| 040 | |c Pontificia Universidad Católica de Valparaíso | ||
| 082 | 7 | |2 22 |a 635.9154 GIL 2019 | |
| 100 | |a Gil-Albert Velarde, Fernando |9 600550 |e autor | ||
| 245 | 1 | 4 | |a Las podas de las especies ornamentales. |
| 260 | |a Madrid, España: |b Ediciones Mundi Prensa, |c 2019. | ||
| 300 | |a 293 páginas : |b ilustraciones. | ||
| 583 | |k GC |c 20250310 | ||
| 650 | |a Plantas ormanentales |x Poda |9 896458 | ||
| 942 | |2 ddc |c BK | ||
| 952 | |0 0 |1 0 |2 ddc |4 0 |6 635_915400000000000_GIL_2019 |7 0 |8 A |9 600634 |a BIBAGR |b BIBAGR |d 2025-03-05 |e 3 |g 53107.00 |i 5665554 |o 635.9154 GIL 2019 |p 5665554 |r 2025-03-05 |t 1 |v 53107.00 |w 2025-03-05 |y BK |k AGR | ||
| 952 | |0 0 |1 0 |2 ddc |4 0 |6 635_915400000000000_GIL_2019 |7 0 |8 A |9 600635 |a BIBAGR |b BIBAGR |d 2025-03-05 |e 3 |g 53107.00 |i 5665555 |o 635.9154 GIL 2019 |p 5665555 |r 2025-03-05 |t 2 |v 53107.00 |w 2025-03-05 |y BK |k AGR | ||